All Old Spaghetti Factory Locations - Statistics

General Stats
  • This quiz has been taken 15 times
  • The average score is 14 of 41
Answer Stats
Founded State Answer % Correct
1982 IN Indianapolis
89%
2021 OK Oklahoma City
89%
1969 OR Portland
89%
1974 CA San Diego
89%
1978 HI Honolulu
78%
1972 AZ Phoenix
78%
1978 CA Sacramento
78%
2017 CA Sacramento (Arden)
78%
1973 UT Salt Lake City
78%
1985 KY Louisville
67%
1977 MO St Louis
67%
1972 CA San Jose
56%
1970 WA Spokane
56%
1971 WA Tacoma
44%
2003 WA Vancouver
44%
1976 CA Fresno
33%
1990 CA Riverside
33%
2018 IN Carmel
22%
2010 AZ Chandler
22%
2014 OR Corvallis
22%
2002 OH Fairfield
22%
2004 MO Chesterfield
11%
1995 OR Clackamas
11%
2001 CA Elk Grove
11%
2000 WA Lynnwood
11%
1986 CA Rancho Cordova
11%
2009 CA Redlands
11%
1993 CA Roseville
11%
1996 CA San Marcos
11%
2016 OR Sherwood
11%
1988 UT Taylorsville
11%
2017 CO Westminster
11%
2019 KS Wichita
11%
1990 CA Concord
0%
1993 CA Duarte
0%
1984 CA Fullerton
0%
1975 CA Newport Beach
0%
1998 CA Rancho Cucamonga
0%
2012 CA Rancho Mirage
0%
2009 WA Southcenter
0%
1997 OR Tanasbourne
0%
No matching quizzes found
Score Distribution
Percent of People with Each Score
Percentile by Number Answered
Your Score History
You have not taken this quiz